| 000 | 00780nam a2200265Ia 4500 | ||
|---|---|---|---|
| 008 | 160319s9999 xx 000 0 und d | ||
| 020 | _a971-23-3938-6 | ||
| 050 | _aFIL QE 26.3 | ||
| 050 | _b.B73 2005 | ||
| 100 | _aBraganza, Maria Chona Sulit - | ||
| 245 | _aEarth science : | ||
| 245 | _ba textbook on earth science for the tertiary level / | ||
| 245 | _cMaria Chona Sulit - Braganza. | ||
| 250 | _aRevised Edition | ||
| 260 | _aManila: | ||
| 260 | _bRex Book Store, Inc., | ||
| 260 | _c2005 | ||
| 300 | _a244 pages : | ||
| 300 | _billustrations ; | ||
| 300 | _c25 cm. | ||
| 500 | _aIncludes bibliographical references and index. | ||
| 650 | _aEarth sciences -- Study and teaching. | ||
| 650 | _aEarth sciences. | ||
| 650 | _xEarth sciences -- Textbooks. | ||
| 999 |
_c291889 _d291889 |
||